[Event "All India GP Rapid-ch 2019"]
[Site "Tamil Nadu"]
[Date "2019.11.17"]
[Round "6.1"]
[White "Shyaamnikhil, P."]
[Black "Harikrishnan.A.Ra"]
[Result "0-1"]
[WhiteElo "2413"]
[BlackElo "1995"]
[Annotator "RC"]
[PlyCount "70"]
[EventDate "2019.11.17"]
[EventType "rapid"]
[EventCountry "IND"]
[SourceTitle "playchess.com"]
[Source "ChessBase"]
[SourceQuality "1"]
[TimeControl "900+5"]

1. g3 {[%emt 0:00:00]} e5 {[%emt 0:00:00]} 2. Bg2 {[%emt 0:00:00]} d5 {[%emt 0:00:02]} 3. d3 {[%emt 0:00:19]} Nf6 {[%emt 0:00:18]} 4. Nf3 {[%emt 0:00:32]} Nc6 {[%emt 0:00:09]} 5. O-O {[%emt 0:00:06]} Be7 {[%emt 0:00:17]} 6. a3 {[%emt 0:00:05]} O-O {[%emt 0:00:12]} 7. b4 {[%emt 0:01:17]} e4 {[%emt 0:00:02]} 8. Nfd2 {[%emt 0:00:15]} exd3 {[%emt 0:00:43]} 9. cxd3 {[%emt 0:00:31]} Bg4 {[%emt 0:01:42]} 10. h3 {[%emt 0:00:05]} Be6 {[%emt 0:00:20]} 11. Bb2 {[%emt 0:01:28]} Qd7 {[%emt 0:00:13]} 12. Kh2 {[%emt 0:00:21]} a5 {[%emt 0:00:42]} 13. b5 {[%emt 0:00:22]} Na7 {[%emt 0:00:06]} 14. a4 {[%emt 0:00:11]} c6 {[%emt 0:00:03]} 15. bxc6 {[%emt 0:00:16]} bxc6 {[%emt 0:00:01]} 16. e4 {[%emt 0:02:16]} dxe4 {[%emt 0:00:28]} 17. dxe4 {[%emt 0:01:27]} Rab8 {[%emt 0:00:11]} 18. Qc2 {[%emt 0:01:01]} Rfd8 {[%emt 0:00:37]} 19. Be5 {[%emt 0:00:21]} Bd6 {[%emt 0:00:33]} 20. Bxf6 {[%emt 0:01:11]} gxf6 {[%emt 0:00:02]} 21. Nc4 {[%emt 0:00:04]} Bb4 {[%emt 0:00:21]} 22. Nba3 {[%emt 0:01:06]} Qd3 {[%emt 0:00:21]} 23. Qc1 {[%emt 0:00:17]} Bc3 {[%emt 0:02:37]} 24. Rd1 {[%emt 0:00:16]} Qxd1 {[%emt 0:00:11]} 25. Qxd1 {[%emt 0:00:02]} Rxd1 {[%emt 0:00:02]} 26. Rxd1 {[%emt 0:00:01]} Rb4 {[%emt 0:00:08]} 27. Rd3 {[%emt 0:02:26]} Be1 {[%emt 0:00:29]} 28. Nxa5 {[%emt 0:00:39]} Rxa4 {[%emt 0:00:34]} 29. Nb7 {[%emt 0:00:01]} Bxf2 {[%emt 0:00:03]} 30. Nc2 {[%emt 0:00:12]} Nb5 {[%emt 0:00:35]} 31. Rf3 {[%emt 0:00:10]} Bb6 {[%emt 0:00:02]} 32. e5 {[%emt 0:00:11]} fxe5 {[%emt 0:00:24]} 33. Rd3 {[%emt 0:00:02]} Bf5 {[%emt 0:00:27]} 34. Rd2 {[%emt 0:00:09]} Ra2 {[%emt 0:00:01]} 35. Bxc6 {[%emt 0:00:04]} Nd4 {[%emt 0:00:05]} 0-1

[Event "All India GP Rapid-ch 2019"]
[Site "Tamil Nadu"]
[Date "2019.11.17"]
[Round "6.3"]
[White "Vaishali R"]
[Black "Senthil Maran K"]
[Result "1-0"]
[WhiteElo "2376"]
[BlackElo "2312"]
[Annotator "TA"]
[PlyCount "39"]
[EventDate "2019.11.17"]
[EventType "rapid"]
[EventCountry "IND"]
[SourceTitle "playchess.com"]
[Source "ChessBase"]
[SourceQuality "1"]

{[%evp 11,39,0,0,-8,-4,0,46,43,59,42,148,152,146,104,110,109,112,105,135,136,217,202,340,323,546,564,544,525,1155,1224]} 1. e4 c6 2. d4 d5 3. e5 Bf5 4. h4 h5 5. c4 e6 6. Nc3 Ne7 7. Nge2 {B12: Caro-Kann: Advance Variation} dxc4 (7... Bg4 8. Bg5 Qb6 9. c5 Qc7 10. f3 Bf5 11. Ng3 f6 12. Bf4 Nd7 13. exf6 Qxf4 14. Nce2 Qh6 15. fxe7 Bxe7 16. Nxf5 exf5 {½-½ (27) Sutovsky,E (2647)-Artemiev,V (2704) Poikovsky 2018}) 8. Ng3 $1 Bd3 9. Bxd3 {White is slightly better.} cxd3 10. Qxd3 Ng6 {[#]} ({Black should play} 10... c5 $14) 11. Bg5 $1 $16 {[%cal Rg5d8]} Be7 12. Bxe7 Qxe7 13. Nge4 $36 {[%mdl 2048] White has strong initiative.} O-O $146 ({Predecessor:} 13... Nxh4 14. Nd6+ Kf8 {1-0 (26) Nestorovic,N (2453)-Ristic,N (2361) Kragujevac 2018}) 14. Qf3 Nd7 15. Qxh5 {[#] Strongly threatening Ng5.} Rfd8 (15... Nf4 $16 16. Qg4 Nd3+ 17. Ke2 Nxb2) 16. O-O-O $18 Ndf8 (16... c5 $142) 17. Qg4 c5 $2 (17... Nh7 18. Kb1 Ngf8) 18. h5 {White is clearly winning.} cxd4 19. hxg6 dxc3 20. gxf7+ {Accuracy: White = 81%, Black = 29%.} 1-0

[Event "All India GP Rapid-ch 2019"]
[Site "Tamil Nadu"]
[Date "2019.11.17"]
[Round "6.4"]
[White "Aravindh, Chithambaram Vr."]
[Black "Laxman, R.R."]
[Result "1-0"]
[WhiteElo "2546"]
[BlackElo "2403"]
[Annotator "TA"]
[PlyCount "64"]
[EventDate "2019.11.17"]
[EventType "rapid"]
[EventCountry "IND"]
[SourceTitle "playchess.com"]
[Source "ChessBase"]
[SourceQuality "1"]

{[%evp 21,64,29,28,21,46,16,29,22,27,23,22,21,29,36,40,41,34,24,31,24,37,6,70,53,59,43,49,19,36,18,253,252,245,258,266,257,397,395,407,354,344,331,397,402,641]} 1. Nf3 Nf6 2. b3 b6 3. Bb2 Bb7 4. g3 g6 5. Bg2 Bg7 6. O-O O-O 7. c4 c5 8. d4 d6 9. Nc3 Ne4 10. Nxe4 Bxe4 11. Qd2 Nd7 12. Rfd1 $146 {A30: Symmetrical English: Double Fianchetto and Hedgehog} ({Predecessor:} 12. Rad1 cxd4 13. Bxd4 Bxd4 14. Qxd4 Nf6 15. Qe3 Rc8 16. Rd4 Bxf3 17. Bxf3 Kh8 18. h4 Rc5 19. Kg2 Kg8 {½-½ (32) De Toledo,J (2369)-Madeira,W (2271) Santos 2004}) 12... Rc8 13. Nh4 Bxg2 14. Nxg2 {White has an edge.} cxd4 15. Bxd4 Bxd4 16. Qxd4 Nf6 17. e4 Qc7 18. Ne3 Qc5 19. f3 Rfd8 20. Kg2 a6 21. a4 a5 ({Better is} 21... Qxd4 $11 22. Rxd4 Nd7) 22. Qd2 e6 23. Rac1 h5 24. h4 Qe5 25. c5 (25. Rc2 {with more complications.} Kg7 26. Qc3 Qxc3 27. Rxc3 Nd7 28. Rxd6 Ne5 29. Rd1) 25... Rxc5 $2 {[#]} ({Reject} 25... bxc5 $6 26. Nc4 $16) (25... d5 $1 $11 26. c6 (26. cxb6 dxe4 27. Rxc8 exf3+ 28. Kf1 Rxc8 $11) 26... dxe4 27. Qxd8+ Rxd8 28. Rxd8+ Kg7) 26. Nc4 $1 $18 {[%cal Rc4e5][%mdl 64] Double Attack} Nxe4 27. Nxe5 ({Don't do} 27. fxe4 $6 Qxe4+ 28. Kh2 Qc6 $16) 27... Nxd2 28. Rxc5 bxc5 (28... dxc5 $142 29. Nc4 Rd3) 29. Rxd2 {KRN-KR} d5 30. Rc2 Rc8 31. Nd7 c4 32. bxc4 Rc6 {Accuracy: White = 58%, Black = 34%.} (32... dxc4 $142 33. Rc3 Rd8) 1-0

[Event "All India GP Rapid-ch 2019"]
[Site "Tamil Nadu"]
[Date "2019.11.17"]
[Round "6.5"]
[White "Murali Krishnan B T"]
[Black "Sibi Visal R"]
[Result "0-1"]
[WhiteElo "2197"]
[BlackElo "2238"]
[Annotator "TA"]
[PlyCount "66"]
[EventDate "2019.11.17"]
[EventType "rapid"]
[EventCountry "IND"]
[SourceTitle "playchess.com"]
[Source "ChessBase"]
[SourceQuality "1"]

{[%evp 24,66,0,0,10,-51,-45,-34,-43,-39,-39,-27,-38,-37,-35,-58,-34,-48,-53,-45,-53,-50,-64,-150,-146,-172,-99,-110,-107,-277,-276,-275,-268,-272,-263,-277,-277,-275,-276,-789,-942,-733,-701,-525,-513]} 1. d4 Nf6 2. c4 e6 3. Nf3 d5 4. Nc3 Be7 5. Bg5 O-O 6. e3 h6 7. Bh4 b6 8. Bd3 Bb7 9. O-O Nbd7 10. Qe2 c5 11. Rfd1 cxd4 12. exd4 dxc4 13. Bxc4 Rc8 {D58: Queen's Gambit Declined: Tartakower Defence} 14. Rac1 (14. Ne5 $11) 14... Bxf3 15. gxf3 Nh5 {Black is slightly better.} 16. Bg3 $1 Bg5 17. Rc2 Nf4 18. Qf1 {[#] Threatens to win with h4!} Qf6 19. Ba6 {Black must now prevent Ne4.} Qf5 $146 ({Predecessor:} 19... Rcd8 20. Ne4 Qf5 21. Bb7 {1-0 (41) Gausel,E (2504)-Webb,S (2420) Sweden 2003}) 20. Bxc8 Rxc8 21. Re2 Nxe2+ 22. Qxe2 Nf6 23. Ne4 ({White should try} 23. h4 $15 Bf4 24. Kg2) 23... Nd5 $17 24. a3 Nf4 (24... Be7 $19 25. Kh1 h5) 25. Qa6 Rc7 $40 {[%mdl 128] White is in trouble.} 26. Kh1 $2 {[#]} (26. Qa4 $17) 26... Qh3 $1 $19 {[%csl Gf4][%cal Rh3g2][%mdl 512]} 27. Qf1 {Strongly threatening Qxh3.} Qh5 28. Nxg5 hxg5 (28... Qxg5 29. Qe1 $17) 29. Bxf4 Qxf3+ {[%mdl 64] Double Attack} ({Less strong is} 29... gxf4 30. Qd3 $17) 30. Kg1 gxf4 31. Rc1 $2 (31. Re1) 31... Qg4+ {Black is clearly winning.} 32. Kh1 Rxc1 33. Qxc1 f3 {Accuracy: White = 24%, Black = 85%.} 0-1

[Event "All India GP Rapid-ch 2019"]
[Site "Tamil Nadu"]
[Date "2019.11.17"]
[Round "7.1"]
[White "Harikrishnan.A.Ra"]
[Black "Saravana, Krishnan P."]
[Result "0-1"]
[WhiteElo "1995"]
[BlackElo "2298"]
[Annotator "TA"]
[PlyCount "62"]
[EventDate "2019.11.17"]
[EventType "rapid"]
[EventCountry "IND"]
[SourceTitle "playchess.com"]
[Source "ChessBase"]
[SourceQuality "1"]

{[%evp 18,62,11,-15,-10,-40,-32,-33,-23,-27,-37,-22,-25,-34,-14,-16,-18,-41,-14,-61,-50,-186,-191,-170,-169,-256,-240,-338,-348,-556,-561,-519,-489,-1118,-724,-802,-753,-809,-752,-1764,-1740,-1328,-1058,-29991,-29992,-29996,-29993]} 1. Nf3 Nf6 2. g3 d5 3. Bg2 c6 4. O-O h6 5. d3 Bf5 6. Nbd2 e6 7. Qe1 Be7 8. e4 Bh7 9. Qe2 O-O 10. Ne5 a5 {[%cal Ba7a5,Ba5a4][%mdl 32] A07: Réti Opening: New York and Capablanca Systems} 11. f4 $146 ({Predecessor:} 11. Re1 Na6 12. Ng4 Kh8 13. Nxf6 Bxf6 14. Nf1 a4 15. a3 Nc5 16. e5 Be7 17. f4 b5 18. g4 {½-½ (54) Evdokimov,A (2288)-Kamsky,G (2675) St Petersburg 2018}) 11... a4 12. a3 Nbd7 {Black is slightly better.} 13. Nxd7 Nxd7 14. g4 Re8 15. Kh1 dxe4 16. Nxe4 f5 17. Ng3 Bh4 18. gxf5 exf5 19. Qh5 {[#]} (19. Be3 $15) 19... Bxg3 $1 $19 20. hxg3 Nf6 21. Qf3 {[#]} (21. Qd1 $142) 21... Bg6 $1 22. Qf2 (22. Bh3 {is a better defense.}) 22... Ng4 23. Qc5 (23. Qf3 {was called for.}) 23... Re2 24. Bf3 Qe8 25. d4 (25. Kg1 $142 Bf7 26. Qxf5) 25... Kh8 {Threatens to win with ...Bh7!} 26. Qc4 Rh2+ 27. Kg1 Bf7 28. Qd3 Bd5 29. Bxd5 cxd5 30. b3 Qh5 31. Bb2 Qh3 {Accuracy: White = 26%, Black = 75%.} 0-1

[Event "All India GP Rapid-ch 2019"]
[Site "Tamil Nadu"]
[Date "2019.11.17"]
[Round "7.3"]
[White "Senthil Maran K"]
[Black "Aravindh, Chithambaram Vr."]
[Result "1/2-1/2"]
[WhiteElo "2162"]
[BlackElo "2546"]
[Annotator "TA"]
[PlyCount "204"]
[EventDate "2019.11.17"]
[EventType "rapid"]
[EventCountry "IND"]
[SourceTitle "playchess.com"]
[Source "ChessBase"]
[SourceQuality "1"]

{[%evp 10,204,19,0,7,1,56,23,114,19,128,112,163,151,148,143,146,158,148,115,125,73,70,48,45,37,58,0,0,0,0,0,0,0,11,-26,0,0,0,0,0,0,0,-9,0,0,0,0,0,0,0,0,946,937,873,864,865,837,1160,1120,29998,1828,1528,1454,29996,29989,29989,29990,29990,132,136,136,129,143,136,83,95,96,80,0,41,0,102,0,0,0,0,0,445,235,1246,1245,1180,1142,12462,4961,3397,1743,29969,29969,29971,29968,29969,12795,29966,0,29967,0,29967,0,29968,904,1248,0,29968,0,29967,2042,1871,1917,1356,0,1226,0,1293,0,29965,955,29969,29970,29967,29969,29969,29972,29975,29973,29973,1771,29973,29964,29963,29963,29962,0,29962,0,29950,0,5089,0,29972,2159,29975,29976,29980,29969,29968,29965,2130,0,1893,0,29980,1999,1700,921,954,920,494,286,1742,279,2009,2142,1836,286,286,308,308,0,286,308,312,8,8,0,0,0,0,0,0,0,0,0,0,0,0]} 1. d4 e6 2. c4 d5 3. Nf3 Nf6 4. g3 dxc4 5. Bg2 a6 6. Ne5 Bb4+ {E04: Open Catalan: 5 Nf3} (6... c5 7. Be3 Nd5 8. Nc3 Nxe3 9. fxe3 Nd7 10. Nxc4 Be7 11. dxc5 Bxc5 12. Nd6+ Bxd6 13. Qxd6 Qe7 14. Qd4 Nf6 15. O-O O-O {½-½ (64) Onischuk,A (2681)-Bruzon Batista,L (2673) Saint Louis 2018}) 7. Nc3 {Black must now prevent Qa4+.} c5 (7... Nd5 $11) 8. dxc5 $146 {And now Qxd8+ would win.} ({Predecessor:} 8. a3 Bxc3+ 9. bxc3 cxd4 10. a4 O-O 11. Ba3 Qa5 12. Bxf8 Qxe5 13. Ba3 Bd7 14. Qb1 {1-0 (33) Gavrijski,D (2046)-Fischer,D (2324) ICCF email 2014}) 8... Qa5 (8... Qxd1+ $11 {keeps the balance.} 9. Kxd1 Bxc5) 9. Nxc4 (9. O-O $16 Nbd7 10. Nxc4 Qxc5 11. Qb3) 9... Qxc5 (9... Bxc3+ $11 10. Kf1 Qxc5 11. Nd6+ {[%mdl 64] Double Attack} Ke7 12. Nxc8+ Rxc8 13. bxc3 Nc6) 10. Qb3 $16 Nbd7 (10... Nc6 $16 {was called for.} 11. Be3 Qe7) 11. O-O $18 O-O 12. Bf4 {Bd6 is the strong threat.} e5 13. Be3 Qe7 14. a3 Bc5 15. Bg5 ({Wrong is} 15. Bxb7 $2 Rb8 $19) (15. Rfd1 $142) 15... Qe6 $16 16. Na5 Qf5 17. Bxf6 Nxf6 18. Nxb7 (18. Rac1 $14) 18... Rb8 $11 {Strongly threatening ...Bxb7.} 19. Qc4 $1 Bxb7 20. Bxb7 Rxb7 21. Qxc5 Rc8 22. Rad1 h6 ({And not} 22... Rxc5 23. Rd8+ Ne8 24. Rxe8#) 23. Qe3 Rxb2 24. Nd5 Nxd5 25. Rxd5 f6 26. Rd2 Rcc2 27. Rfd1 Kh7 28. Rxc2 Qxc2 {[%mdl 4096] Endgame KQR-KQR} 29. Rd6 Rb3 30. Rd3 Rb2 $2 {[%mdl 8192]} (30... Rxd3 $11 31. Qe4+ {[%mdl 64] Pin} Kh8 32. exd3 Qc8) 31. Qe4+ $18 Kg8 32. Rd8+ Kf7 33. Rd7+ $1 ({Worse is} 33. Qg4 f5 $11) 33... Ke8 34. Qd5 {[%csl Gd7][%cal Rd5f7]} Qb3 35. Qd6 (35. Rd8+ $142 Ke7 36. Qd7#) 35... Rb1+ {[#]} 36. Kg2 $1 {[%csl Gd7][%cal Rd6e7][%mdl 512]} Rg1+ 37. Kxg1 {[%csl Gd7][%cal Rd6e7]} Qb1+ {[#]} 38. Kg2 $1 {[%csl Gd7][%cal Rd6e7]} Qe4+ 39. Kh3 $2 (39. f3 {mates} Qxe2+ 40. Kh3 Qf1+ 41. Kh4 g5+ 42. Kg4 h5+ 43. Kf5 Qh3+ 44. g4) 39... Qf5+ $16 {[#]} 40. g4 $1 {[%csl Gd7][%cal Rd6e7]} Qxd7 41. Qxa6 {KQ-KQ} h5 {[%csl Gh5][%cal Rd7g4]} 42. f3 ({White should play} 42. Qc4 {aiming for Qg8+.} Ke7 43. f3) 42... hxg4+ 43. fxg4 Qd5 44. Kh4 ({Better is} 44. Kg3 $16) 44... Kf7 {Hoping for ...Qg2.} 45. Qd3 Qc5 (45... Qg2 $11 {remains equal.} 46. h3 g6 47. Qd7+ Kf8 48. Qd6+ Kf7 49. Qc7+ Ke6 50. Qc8+ Kf7 51. Qd7+ Kf8 52. Qd6+ Kf7 53. Qc7+ Kg8 54. Qd8+ Kf7 55. Qd7+) 46. Qd7+ ({White should try} 46. Qb3+ $16 Kg6 47. Kh3) 46... Kf8 $11 47. Kh5 {Threatens to win with Kg6.} e4+ 48. Qf5 Qxa3 $2 {[%mdl 8192]} (48... Qe3 $11 49. g5 Qxe2+ 50. Kg6 Qc2) 49. Kg6 (49. Qc8+ $142 Ke7 50. Qb7+ Kd6 51. Qxe4) 49... Qd6 $2 (49... Qc1 50. Qh5 Ke7 51. Kxg7 Qe3 52. Qf7+ Kd6 53. Qxf6+ Kd5 54. Qf5+ Kc6 55. Qe6+ Kc5) 50. Qc8+ $18 Ke7 51. Kxg7 Qxh2 52. Qb7+ Kd8 53. Qxe4 Qh4 54. Kf7 Kc7 55. Ke6 Kb6 56. Qd4+ (56. Qf5 $142 Kb7 57. Kf7 Ka7 58. Qf4 Qh3 59. Qd4+ Kb8 60. Qb6+ Ka8 61. Qxf6 Qb3+ 62. Qe6 Qb7+ 63. Qe7 Qb3+ 64. Kf8) 56... Kb7 57. Qe4+ Kb6 58. Qd4+ Kb7 $1 59. Qe4+ Kb6 60. Kd7 (60. Qf5 $142 Kb7 61. Kf7 Kc7 62. Ke7 Qh1 63. Qxf6 Qe4+ 64. Kf8 Qa8+ 65. Kf7 Qd5+ 66. Qe6) 60... Qh6 61. Ke6 (61. e3 $18 Ka5 62. Qf4 Qg7+ 63. Ke6) 61... Qh4 $1 62. Qd4+ Kb7 $1 63. Qb4+ (63. Qd5+ $142 Kb8 64. Qf5 Qh8 65. Kf7 Qh4 66. Qf4+ Ka7 67. Qd4+ Kb8 68. Qb6+ Ka8 69. Qxf6 Qh7+ 70. Kf8) 63... Kc6 64. Qc4+ Kb6 65. Qb4+ Kc6 66. Qc4+ Kb6 67. Qd4+ (67. Qf4 $18 Kb7 68. Kf7) 67... Kb7 $1 68. e3 (68. Qd5+ $142 Ka6 69. Qf5 Ka7 70. Ke7 Qh3 71. Kxf6 Qc3+ 72. Qe5 Qh3 73. g5 Qh8+ 74. Kf5) 68... Kc7 69. Qf4+ Kb7 70. e4 Kc6 71. Qf5 Kc7 72. Ke7 Kb7 73. Kd7 (73. Qb5+ $142 Kc7 74. Qa5+ Kb7 75. Qh5 Qf2 76. Qd5+ Ka7 77. Qd7+ Kb6 78. Qe6+ Ka7 79. Qxf6 Qc5+ 80. Kf7 Qc4+ 81. Qe6 Qf1+ 82. Kg7) 73... Qh6 74. Qb5+ Ka7 75. Qa5+ Kb7 76. Qb5+ Ka7 77. Qa5+ Kb7 78. Qb5+ (78. Ke6 $142 Qh8 79. Qb5+ Ka7 80. Qc5+ Ka8 81. Kf5 Qh7+ 82. Kxf6 Qh8+ 83. Kg5) 78... Ka7 79. Qf5 (79. Ke6 $18 Qh8 80. Qc5+ Ka6 81. Kf5) 79... Kb7 $1 80. Ke6 Qh4 81. Ke7 Kc7 82. Qc5+ Kb7 83. Qb5+ Kc7 84. Qc5+ Kb7 {intending ...f5+.} 85. Qf5 (85. Qd5+ $18 Ka7 86. Qc5+ Ka8 87. Qf5) 85... Kc7 86. Kf7 (86. Qxf6 $142 Qh1 87. e5 Qg2 88. g5 Qc2 89. g6 Kc8 90. Kf7 Qc7+ 91. Qe7) 86... Kb7 87. Qxf6 Qxg4 88. e5 Qc4+ 89. e6 (89. Ke7 $142) 89... Kc6 $2 (89... Qd5 90. Kf8 Kc7 91. Qf7+ Kc8) 90. Ke8 $2 (90. Qf3+ Kd6 91. Qf6) 90... Kc7 $2 (90... Qd5 91. e7+ Kc7) 91. Qd8+ Kb7 92. Qd7+ $2 (92. Kf7 Qa2 93. Qd7+ Kb8 94. Qd6+ Kb7 95. Qd7+ Kb6 96. Kf8 Qa3+ 97. e7) 92... Kb8 93. Qd6+ Kb7 94. Qd7+ Kb8 $1 95. Kd8 Qh4+ {[#]} 96. e7 $2 ({Only move:} 96. Qe7 $1 $18 {[%cal Re7h4]} Qd4+ 97. Ke8) 96... Qh8+ $1 $11 {The position is equal.} 97. e8=Q Qh4+ 98. Qee7 {[%csl Gd8][%cal Rd7c8]} Qh8+ 99. Qde8 Qd4+ $1 100. Q8d7 Qh8+ 101. Qee8 Qh4+ 102. Qde7 {White wants to mate with Qb5+.} Qd4+ {Accuracy: White = 40%, Black = 41%.} 1/2-1/2

[Event "All India GP Rapid-ch 2019"]
[Site "Tamil Nadu"]
[Date "2019.11.17"]
[Round "7.4"]
[White "Barath Kalyan M"]
[Black "Shyaamnikhil, P."]
[Result "1/2-1/2"]
[WhiteElo "1796"]
[BlackElo "2413"]
[Annotator "TA"]
[PlyCount "83"]
[EventDate "2019.11.17"]
[EventType "rapid"]
[EventCountry "IND"]
[SourceTitle "playchess.com"]
[Source "ChessBase"]
[SourceQuality "1"]

{[%evp 9,83,6,20,-5,13,0,16,0,0,0,12,-35,-32,-50,-40,-51,-13,-32,-27,-42,-20,-39,-6,-12,9,9,11,18,21,20,30,12,66,-14,-14,-9,-9,-9,-9,-9,-9,-6,-6,-16,-13,-17,-12,-23,-18,-72,-71,-59,0,0,0,0,0,0,0,0,0,0,0,0,0,-2,-1,-1,0,0,0,0,0,0,0,0]} 1. d4 e6 2. Nf3 c5 3. e3 b6 4. Bd3 Bb7 5. O-O Nf6 6. c3 {A47: 1 d4 Nf6 2 Nf3 b6: Torre, London and Colle Systems} (6. c4 Bxf3 7. Qxf3 Nc6 8. d5 Ne5 9. Qe2 exd5 10. cxd5 Nxd3 11. Qxd3 Bd6 12. e4 O-O 13. f4 c4 14. Qf3 {1-0 (31) Karjakin,S (2750)-Caruana,F (2818) Saint Louis 2019}) 6... Qc7 7. Qe2 Nc6 8. a3 d5 9. Nbd2 Bd6 10. dxc5 bxc5 11. e4 O-O 12. Re1 Ne5 $146 ({Predecessor:} 12... Ng4 13. exd5 exd5 14. Nf1 h6 15. h3 Nf6 16. Be3 {0-1 (29) Reilly,B-Capablanca,J Margate 1936}) 13. Nxe5 Bxe5 14. g3 {Black should prevent exd5.} c4 15. Bc2 {Threatening exd5.} Nd7 16. Nf3 dxe4 17. Bxe4 Bxe4 18. Qxe4 {[%cal Rf3e5]} Bf6 19. Bf4 Qb6 20. Rad1 ({Much weaker is} 20. Qxc4 Qxb2 21. Bd6 Rfc8 $17) 20... Rad8 ({Black should play} 20... Qb5 $1 $11) 21. Qxc4 (21. Ng5 $14 Bxg5 22. Bxg5) 21... Qxb2 $11 {[%mdl 64] [#] Double Attack} 22. Bc7 Nb6 23. Qb4 Qxb4 24. cxb4 Rxd1 25. Rxd1 Nd5 26. Bd6 Rc8 27. Bc5 {[#]} a5 $1 {[%mdl 512]} 28. Kg2 (28. bxa5 Rxc5) 28... h6 29. Nd4 (29. Rb1 $11) 29... axb4 $17 30. axb4 Nxb4 ({Black should try} 30... Rd8 $15) 31. Bxb4 $11 {Ne2 is the strong threat.The position is equal.} Rd8 32. Bc5 {Hoping for Rd2.} e5 33. Kf3 exd4 {[%mdl 4096] Endgame KRB-KRB} 34. Ke4 Re8+ 35. Kd3 Rc8 36. Rc1 h5 37. h4 Kh7 38. Rc4 Kg6 {White must now prevent ...Kf5.} 39. Bxd4 Rd8 40. Ke4 Re8+ 41. Kf3 Bxd4 42. Rxd4 {Accuracy: White = 47%, Black = 58%.} 1/2-1/2

[Event "All India GP Rapid-ch 2019"]
[Site "Tamil Nadu"]
[Date "2019.11.17"]
[Round "7.5"]
[White "Prasannaa.s"]
[Black "Sanil S"]
[Result "1-0"]
[WhiteElo "2130"]
[BlackElo "1671"]
[Annotator "TA"]
[PlyCount "93"]
[EventDate "2019.11.17"]
[EventType "rapid"]
[EventCountry "IND"]
[SourceTitle "playchess.com"]
[Source "ChessBase"]
[SourceQuality "1"]

{[%evp 9,93,36,45,47,38,39,75,85,89,78,85,93,127,98,167,162,190,159,309,213,214,147,217,136,195,117,127,110,109,84,97,81,80,85,175,163,165,178,197,191,338,342,418,412,447,461,450,454,448,445,429,376,381,368,409,357,379,379,412,363,685,680,894,677,651,631,832,822,5122,5122,2618,1854,6323,5217,29977,29978,29980,29979,29988,29989,29990,29991,29991,29992,29994,29995]} 1. e4 Nc6 2. Nf3 d6 3. d4 g6 4. h3 Bg7 5. Nc3 Nf6 6. Bg5 {B00: Queen's Fianchetto Defence, Nimzowitsch Defence} (6. Be3 O-O 7. Qd2 a6 8. d5 Na7 9. a4 c6 10. Be2 Bd7 11. O-O b5 12. dxc6 Bxc6 13. e5 b4 14. exf6 bxc3 15. fxe7 cxd2 16. exd8=Q Rfxd8 {½-½ (49) Nisipeanu,L (2667)-Maghsoodloo,P (2671) Malmo 2019}) 6... h6 7. Be3 O-O 8. Qd2 {White is better.} Kh7 9. O-O-O a6 10. g4 Ng8 11. Bd3 $146 ({Predecessor:} 11. Ne2 e5 12. Ng3 exd4 13. Nxd4 Nxd4 14. Bxd4 Bxd4 15. Qxd4 {1-0 (35) Prizant,J (2516)-Chuprikov,D (2342) Voronezh 2014}) 11... Nb4 (11... e5 $16 {was worth a try.} 12. dxe5 Nxe5 13. Nxe5 dxe5) 12. Be2 $18 b5 13. h4 Bb7 (13... Nc6 $16 14. Kb1 e6) 14. h5 {Strongly threatening hxg6+.} g5 15. a3 Nc6 16. d5 Ne5 {[#]} 17. Nxe5 ({White should try} 17. Nd4 $1 $18) 17... dxe5 $16 18. Na2 c6 19. dxc6 Qxd2+ 20. Rxd2 Bxc6 21. f3 Rfd8 (21... a5 $16 {is a better defense.}) 22. Rhd1 Rxd2 23. Rxd2 a5 24. Bb6 Nf6 (24... Ra6 $142) 25. Rd8 $18 Ra6 26. Bc5 e6 {[#] If only Black now had time for ...Nd7....} 27. a4 $1 {[%mdl 512]} Ra8 (27... bxa4 28. Bxa6) 28. Rxa8 Bxa8 29. Bxb5 Ng8 30. Bd3 f5 31. exf5 Bxf3 32. Nc3 exf5 33. Bxf5+ Kh8 34. Ne4 Bxe4 $2 (34... Bf6 35. Kd2 Bd8) 35. Bxe4 {[%mdl 4096] Endgame KBB-KBN} Nf6 36. Bf5 Nd5 37. Kd2 Bf6 38. Be4 Be7 39. Bxe7 Nxe7 {KB-KN} 40. c3 Kg7 41. b4 axb4 42. cxb4 {White mates.} Kf6 43. a5 Ke6 44. a6 Ng8 45. a7 Nf6 46. a8=Q Nd7 47. Bf5+ {Accuracy: White = 71%, Black = 28%.} 1-0